[Event "Uralsk op"]
[Site "Uralsk"]
[Date "2023.07.28"]
[Round "9"]
[White "Onoglu, Ali"]
[Black "Abdrakhmanov, Dastan"]
[Result "1-0"]
[WhiteElo "1448"]
[BlackElo "1573"]
[PlyCount "69"]
[EventDate "2023.07.21"]
[EventType "swiss"]
[EventRounds "9"]
[EventCountry "KAZ"]
[SourceTitle "EXT 2024"]
[Source "ChessBase"]
[SourceDate "2023.10.10"]
[SourceVersion "1"]
[SourceVersionDate "2023.10.10"]
[SourceQuality "1"]

1. e4 c5 2. Nf3 Nf6 3. e5 Nd5 4. d4 cxd4 5. Qxd4 e6 6. c4 Nc6 7. Qe4 f5 8. exf6 Nxf6 9. Qc2 Bc5 10. Nc3 0-0 11. Be2 b6 12. 0-0 Bb7 13. Bg5 Be7 14. a3 Ne8 15. Be3 Nd6 16. Rad1 Nf5 17. Bf4 Bf6 18. Ne4 Ncd4 19. Qd3 Nxe2+ 20. Qxe2 Bxe4 21. Qxe4 Bxb2 22. Rd3 Nh4 23. Ne5 Bxe5 24. Bxe5 Ng6 25. Rfd1 Rf7 26. Bg3 Nf8 27. Bd6 Ng6 28. Bb4 Qe8 29. h4 a5 30. Bc3 Rf4 31. Qb7 Rb8 32. Qc7 Rc8 33. Qxb6 Rfxc4 34. Rxd7 R4c6 35. Qxa5 1-0